000 00286nmm a2200097Ia 4500
008 220120s9999||||xx |||||||||||||||||und||
020 _a0-07-463831-9
100 _aPCQ
245 0 _aMarch 2011 : 20 must have a tools for web proffessional, 11
260 _aCyber tach publication
_bNew Delhi
999 _c139662
_d139662